Normal view
MARC view
- Furst, M. Lawrence
Entry Personal Name
001 - CONTROL NUMBER
- control field: 5479
003 - CONTROL NUMBER IDENTIFIER
- control field: OSt
005 - DATE AND TIME OF LATEST TRANSACTION
- control field: 20170517121604.0
008 - FIXED-LENGTH DATA ELEMENTS
- fixed length control field: 170517|| aca||aabn | a|a d
040 ## - CATALOGING SOURCE
- Original cataloging agency: OSt
- Transcribing agency: OSt
100 ## - HEADING--PERSONAL NAME
- Personal name: Furst, M. Lawrence
- Dates associated with a name: 1921-
- Fuller form of name: (Merrick Lawrence)
670 ## - SOURCE DATA FOUND
- Source citation: Work cat.: (OSt): Morse, Donald Roy. 5475, Women under stress / , c1982.

PORTAL AKMAL
E-MEL JKDM
AKMAL2U
G-BAM
u-PUSTAKA